Europe Map Quiz #2 - Statistics

General Stats
  • This quiz has been taken 253 times
  • The average score is 19 of 24
Answers on the Map
Answers color-coded by a green-red scale on the quiz's map according to % correct below.
 
Answer Stats
Answer % Correct
Russia
89%
Italy
86%
Netherlands
86%
Spain
86%
United Kingdom
86%
Germany
84%
Portugal
84%
Denmark
82%
Iceland
82%
Austria
80%
Greece
80%
Ireland
80%
Poland
80%
Finland
77%
France
77%
Norway
77%
Belgium
75%
Estonia
75%
Latvia
75%
Switzerland
75%
Lithuania
73%
Czech Republic
70%
Slovakia
70%
Sweden
70%
No matching quizzes found
Score Distribution
Percent of People with Each Score
Percentile by Number Answered
Your Score History
You have not taken this quiz